| 000 | 00382nam a2200133Ia 4500 | ||
|---|---|---|---|
| 008 | 231017s9999 xx 000 0 und d | ||
| 082 | _a363.739BRI | ||
| 082 | _bBRI | ||
| 245 | 0 | _a"The Four Rs of Environmental Dredging: Resuspension, Release, Residual and Risk" | |
| 245 | 0 | _cUS Army Corps of Engineers | |
| 260 | _bUS Army Corps of Engineers | ||
| 300 | _c30cm | ||
| 942 | _cREP | ||
| 999 |
_c605053 _d605053 |
||